MARC

LEADER 00000nam0a2200000 4500
001 365625
005 20231102011813.0
035 |a (RuTPU)RU\TPU\retro\22988 
090 |a 365625 
100 |a 20220114d1981 m y0rusy50 ca 
101 0 |a rus 
102 |a UA 
105 |a a z 001zy 
200 1 |a Среднедевонская флора Воронежской антеклизы  |f Т. А. Ищенко, А. А. Ищенко  |g Академия наук Украинской ССР, Институт геологических наук 
210 |a Киев  |c Наукова думка  |d 1981 
215 |a 112 с.  |c ил. 
320 |a Библиогр.: с.107-110 
606 1 |a Флора  |2 stltpush  |3 (RuTPU)RU\TPU\subj\64000  |9 80930 
610 1 |a ископаемая флора 
610 1 |a средний девон 
610 1 |a Воронежская антеклиза 
610 1 |a растения 
610 1 |a морфолого-анатомические особенности 
610 1 |a водосборники 
610 1 |a палеогеография 
610 1 |a формирование 
675 |a 561  |v 4 
700 1 |a Ищенко  |b Т. А.  |g Тамара Афанасьевна 
701 1 |a Ищенко  |b А. А.  |g Алла Антоновна 
712 0 2 |a Академия наук Украинской ССР  |b Институт геологических наук  |c (Киев)  |c (1939-1991)  |2 stltpush  |3 (RuTPU)RU\TPU\col\12890  |9 25556 
801 1 |a RU  |b 63413507  |c 20220114 
801 2 |a RU  |b 63413507  |c 20220114  |g RCR 
942 |c BK